Statistics for NFL Standings Week 5

Click here to take the quiz!

General Stats

  • This quiz has been taken 8 times
  • The average score is 18 of 32

Answer Stats

StandingsTeam% Correct
1-3-1Bengals
86%
1-3-1Eagles
86%
0-5Jets
86%
4-0Packers
86%
4-0Steelers
86%
4-1Browns
71%
0-5Falcons
71%
0-5Giants
71%
5-0Seahawks
71%
1-4Washington
71%
4-1Bears
57%
4-1Bills
57%
4-1Chiefs
57%
1-4Jaguars
57%
4-1Rams
57%
4-1Ravens
57%
1-4Texans
57%
4-0Titans
57%
2-349ers
43%
1-3Broncos
43%
3-2Buccaneers
43%
1-4Chargers
43%
3-2Colts
43%
2-3Cowboys
43%
2-3Dolphins
43%
1-3Lions
43%
3-2Panthers
43%
2-2Patriots
43%
3-2Raiders
43%
3-2Saints
43%
1-4Vikings
43%
3-2Cardinals
29%

Score Distribution

Percentile by Number Answered

Percent of People with Each Score

Your Score History

You have not taken this quiz